000 00369nam a2200145 a 4500
008 021118s1974||||xx 0 und c
040 _aSNK
_bslo
_cSNK
_eAACR2
100 1 _aPalovčík, Michal
245 1 0 _aŠtefan Németh - Šamorínsky
_bŽivot a dielo
260 _aBratislava
_bTatran
_c1974
300 _a235 s.
020 _c17
041 _aslo
044 _axo
_cSK
999 _c15141
_d15141